000
002650000a22000970004500
100
1
_a
Padilla, C. René
245
1
0
_a
Educación teológica y misión de la iglesia
300
_a
Vol. 3, Num 1 (Marzo de 1984), Páginas 4-5
773
0
_t
Iglesia y Misión
942
_c
ANA
999
_c
51438
_d
51438